000 nam a22 7a 4500
999 _c8965
_d8965
008 180122b ||||| |||| 00| 0 eng d
100 _aNCERT
_95266
245 _aMath-Magic
260 _aNew Delhi
_bARYA
_c2009